Sports Quiz

Random Sports or Baseball Quiz

MLB Top 10 NL MVP Voting, '00s-'10s Quiz Stats

 Plays Quiz Updated Nov 15, 2020

Support Sporcle.
Go Orange.
Score 0/200 Timer 10:00
0 Plays Today
% Correct
Albert Pujols
90.7%
Albert Pujols
90.7%
Albert Pujols
90.7%
Albert Pujols
90.7%
Albert Pujols
90.7%
Albert Pujols
90.7%
Albert Pujols
90.7%
Albert Pujols
90.7%
Albert Pujols
90.7%
Albert Pujols
90.7%
Albert Pujols
90.7%
Barry Bonds
89.3%
Barry Bonds
89.3%
Barry Bonds
89.3%
Barry Bonds
89.3%
Barry Bonds
89.3%
Ryan Howard
86.1%
Ryan Howard
86.1%
Ryan Howard
86.1%
Ryan Howard
86.1%
Ryan Howard
86.1%
Ryan Howard
86.1%
Cody Bellinger
85.5%
Christian Yelich
82.6%
Clayton Kershaw
82.4%
Bryce Harper
82.3%
Adrian Gonzalez
82%
Luis Gonzalez
81.9%
Carlos Gonzalez
81.9%
Kris Bryant
81.9%
Kris Bryant
81.5%
Clayton Kershaw
81.3%
Chipper Jones
81.3%
Chipper Jones
81.3%
Andruw Jones
81.2%
Andruw Jones
81.2%
Clayton Kershaw
81%
Jimmy Rollins
81%
Christian Yelich
81%
Jimmy Rollins
81%
Ryan Braun
80.5%
Ryan Braun
80.5%
Adrian Gonzalez
80.3%
Ryan Braun
78.2%
Giancarlo Stanton
77.6%
Chase Utley
77.5%
Chase Utley
77.5%
Chase Utley
77.5%
Joey Votto
77.3%
Joey Votto
75.7%
Joey Votto
75.7%
Joey Votto
75.7%
Joey Votto
74.5%
Andrew McCutchen
74.5%
Andrew McCutchen
74%
Andrew McCutchen
74%
Sammy Sosa
74%
Sammy Sosa
74%
Sammy Sosa
74%
Sammy Sosa
74%
Anthony Rizzo
73.9%
David Wright
73.7%
David Wright
73.7%
David Wright
73.7%
Derrek Lee
73.7%
Derrek Lee
73.7%
Joey Votto
73.4%
% Correct
Buster Posey
73.3%
Buster Posey
72.8%
Andrew McCutchen
72.6%
David Wright
72%
Buster Posey
71.9%
Prince Fielder
71.7%
Prince Fielder
71.7%
Prince Fielder
71.7%
Anthony Rizzo
70.6%
Nolan Arenado
69.6%
Freddie Freeman
69.4%
Jeff Kent
69.2%
Jeff Kent
69.2%
Hanley Ramirez
68.1%
Hanley Ramirez
68.1%
Aramis Ramirez
68.1%
Aramis Ramirez
68.1%
Manny Ramirez
68%
Jeff Bagwell
68%
Jeff Bagwell
68%
Nolan Arenado
67.7%
Matt Kemp
67.6%
Matt Kemp
67.6%
Randy Johnson
67%
Paul Goldschmidt
67%
Paul Goldschmidt
66.7%
Todd Helton
66.2%
Todd Helton
66.2%
Todd Helton
66.2%
Anthony Rizzo
66.2%
Aramis Ramirez
64.9%
Nolan Arenado
64.9%
Giancarlo Stanton
64.7%
Freddie Freeman
64.6%
Hanley Ramirez
64.4%
Cody Bellinger
63.7%
Lance Berkman
62.9%
Lance Berkman
62.9%
Lance Berkman
62.9%
Lance Berkman
62.9%
Lance Berkman
62.9%
Lance Berkman
62.9%
Matt Holliday
61%
Carlos Beltran
60.3%
Paul Goldschmidt
60.1%
Matt Carpenter
59.6%
Ronald Acuña Jr.
59.1%
Paul Goldschmidt
58.8%
Nolan Arenado
58.4%
Jose Reyes
57.8%
Javier Baéz
57.7%
Max Scherzer
57.5%
Matt Carpenter
56.8%
Troy Tulowitzki
56.1%
Troy Tulowitzki
56.1%
Troy Tulowitzki
56.1%
Max Scherzer
55.8%
Chris Carpenter
54.7%
Freddie Freeman
54.2%
Jacob deGrom
54.2%
Mike Piazza
54.2%
Anthony Rendon
53.8%
Roy Halladay
53.4%
Roy Halladay
53.4%
Miguel Cabrera
52.6%
Miguel Cabrera
52.6%
Jim Edmonds
51.7%
% Correct
Jim Edmonds
51.7%
Nolan Arenado
51.5%
Jacob deGrom
50.3%
Max Scherzer
50.2%
Curt Schilling
49.1%
Curt Schilling
49.1%
Yadier Molina
48.7%
Yadier Molina
48.6%
Freddie Freeman
48%
Scott Rolen
46.8%
Alfonso Soriano
46.7%
Carlos Delgado
46.4%
Carlos Delgado
46.4%
Justin Turner
44.8%
Pete Alonso
44.1%
Adrian Beltre
43.8%
Anthony Rendon
43.5%
Juan Soto
43%
Gary Sheffield
42.5%
Gary Sheffield
42.5%
Charlie Blackmon
42.4%
Jayson Werth
41.7%
Corey Seager
40.4%
Vladimir Guerrero
40%
Vladimir Guerrero
40%
Trevor Story
39.5%
Ketel Marte
38.5%
Eric Gagne
37.5%
Jay Bruce
37.5%
Jay Bruce
37.5%
John Smoltz
37%
Adam Wainwright
36.9%
Justin Turner
36.5%
Lorenzo Cain
36.4%
Daniel Murphy
36.4%
Justin Upton
36.3%
Roger Clemens
35.7%
Andre Ethier
35.6%
Shawn Green
35.2%
Shawn Green
35.2%
Yoenis Cespedes
34.4%
Pablo Sandoval
34.3%
Zack Greinke
34%
Javy Lopez
31.6%
Jake Arrieta
31.1%
Brian Giles
29.9%
Jim Thome
29.8%
Jake Peavy
29.4%
Anthony Rendon
26.8%
Pat Burrell
24.8%
CC Sabathia
22.3%
Mark Prior
21.3%
Trevor Hoffman
20.2%
Carlos Gomez
19.7%
Chase Headley
19.2%
Juan Pierre
18.3%
J.D. Drew
17.4%
Craig Kimbrel
13.8%
Adam LaRoche
13.7%
Jonathan Lucroy
13.2%
Morgan Ensberg
13%
Brad Lidge
12.8%
Aubrey Huff
12.8%
Josh Harrison
10.2%
Martin Prado
8.4%
Mark Loretta
7.1%

From the Vault

Highest Rated FIFA Players Per Year

by paddyw

Gaming 14m
The best of the best... at least according to EA's "surprise mechanics" attorney.
Remove Ads.
Support Sporcle.
Get the best of Sporcle when you Go Orange. This ad-free experience offers more features, more stats, and more fun while also helping to support Sporcle. Thank you for becoming a member.

Show Comments

Extras

Top Quizzes Today


Score Distribution

Your Account Isn't Verified!

In order to create a playlist on Sporcle, you need to verify the email address you used during registration. Go to your Sporcle Settings to finish the process.

Report this User

Report this user for behavior that violates our Community Guidelines.

Details: